| 000 | 00948nam a22002297a 4500 | ||
|---|---|---|---|
| 999 |
_c7074 _d7074 |
||
| 003 | AR-CdUCM | ||
| 008 | 190319b ||||| |||| 00| 0 spa d | ||
| 020 | _a958-600-223-3 | ||
| 040 |
_aMUNICIPALIDAD PROVINCIAL DEL CUSCO _cBIBLIOTECA MUNICIPAL DEL CUSCO |
||
| 082 |
_a530 / _bT58 |
||
| 100 |
_aTippens, Paul E _919921 |
||
| 245 | _aFísica / | ||
| 260 |
_aMéxico, D.F : _bMcGraw-Hill.Interamericana Editores, _c1994. |
||
| 300 |
_atomos ; _bilustraciones ; _c23 cm. |
||
| 505 | _aContenido : t.1: Mediciones técnicas y vectores -- Equilibrio traslacional -- Momento de torsión y equilibrio Rotacional -- Movimiento uniformemente acelerado -- Movimiento de proyectiles -- Segunda ley de Newton -- Trabajo, energía y ptencia ... | ||
| 650 |
_aFísica _92382 |
||
| 650 |
_aTeoría _95077 |
||
| 700 |
_aRamirez Grycuk, Eduardo (traductor) _919922 |
||
| 700 |
_aSoler Aguilar, Andres (traductor) _919923 |
||
| 942 |
_2ddc _cLIBROS |
||
| 945 | _azta | ||